Words That End in "Able" - Statistics

General Stats
  • This quiz has been taken 13 times
  • The average score is 52 of 1633
Answer Stats
# Words % Correct
D Disable
50%
E Enable
50%
S Stable
42%
U Unable
42%
A Affable
33%
D Drinkable
33%
E Eatable
33%
L Likeable
33%
A Accountable
25%
A Adorable
25%
A Agreeable
25%
A Amiable
25%
B Believable
25%
D Disagreeable
25%
F Flammable
25%
L Laughable
25%
L Lovable
25%
P Playable
25%
P Probable
25%
R Readable
25%
R Remarkable
25%
R Respectable
25%
R Runnable
25%
S Speakable
25%
T Thinkable
25%
U Unbelievable
25%
U Undrinkable
25%
U Unlikeable
25%
U Unlovable
25%
U Unrespectable
25%
U Unspeakable
25%
A Achievable
17%
A Affordable
17%
A Alliable
17%
A Approachable
17%
A Arable
17%
A Arguable
17%
B Bearable
17%
B Breakable
17%
C Capable
17%
C Cleanable
17%
C Comfortable
17%
C Comparable
17%
C Connectable
17%
C Countable
17%
D Deniable
17%
D Distinguishable
17%
D Doable
17%
D Durable
17%
E Editable
17%
E Enjoyable
17%
E Escapable
17%
E Examinable
17%
E Expandable
17%
E Expendable
17%
E Explainable
17%
E Expressable
17%
F Forgettable
17%
F Forgiveable
17%
G Growable
17%
G Gullible
17%
H Hateable
17%
H Hearable
17%
H Honorable
17%
I Ignorable
17%
I Improbable
17%
I Inable
17%
I Incomparable
17%
I Indistinguishable
17%
K Kickable
17%
M Memorable
17%
M Minable
17%
O Observable
17%
P Parable
17%
P Partable
17%
P Placeable
17%
P Portable
17%
P Practicable
17%
P Preferable
17%
P Printable
17%
Q Questionable
17%
R Recordable
17%
R Refinable
17%
R Refutable
17%
R Resistable
17%
R Returnable
17%
R Ridable
17%
S Seeable
17%
S Selectable
17%
S Sellable
17%
S Smellable
17%
S Stopable
17%
S Sufferable
17%
T Tackable
17%
T Takable
17%
T Timetable
17%
T Treatable
17%
U Unaccountable
17%
U Unapproachable
17%
U Unattainable
17%
U Unbreakable
17%
U Uncleanable
17%
U Uncomfortable
17%
U Uncountable
17%
U Undeniable
17%
U Uneatable
17%
U Unescapable
17%
U Unexplainable
17%
U Unforgivable
17%
U Unhearable
17%
U Unobservable
17%
U Unplayable
17%
U Unreadable
17%
U Unresistable
17%
U Unreturnable
17%
U Unselectable
17%
U Unsellable
17%
U Unstoppable
17%
U Unthinkable
17%
U Untreatable
17%
U Unusable
17%
U Usable
17%
V Visitable
17%
W Walkable
17%
W Writable
17%
A Abominable
8%
A Acceptable
8%
A Acknowledgeable
8%
A Actionable
8%
A Adaptable
8%
A Addable
8%
A Admirable
8%
A Adoptable
8%
A Advisable
8%
A Alterable
8%
A Answerable
8%
A Ascendable
8%
A Askable
8%
B Bankable
8%
B Blockable
8%
B Breathable
8%
B Buyable
8%
C Calculable
8%
C Charitable
8%
C Climbable
8%
C Closable
8%
C Collectable
8%
C Committable
8%
C Communicable
8%
C Commutable
8%
C Compliable
8%
C Computable
8%
C Conceivable
8%
C Conductable
8%
C Conferrable
8%
C Conquerable
8%
C Considerable
8%
C Containable
8%
C Continuable
8%
C Controllable
8%
C Conveyable
8%
C Cookable
8%
C Correctable
8%
C Crackable
8%
C Curable
8%
D Danceable
8%
D Debatable
8%
D Declarable
8%
D Deductable
8%
D Definable
8%
D Deliverable
8%
D Deplorable
8%
D Describable
8%
D Desirable
8%
D Detainable
8%
D Detectable
8%
D Determinable
8%
D Detestable
8%
D Digestable
8%
D Directable
8%
D Discountable
8%
D Disputable
8%
D Dividable
8%
D Drivable
8%
E Electable
8%
E Enterable
8%
E Erasable
8%
E Evaluable
8%
E Expectable
8%
E Exportable
8%
E Extendable
8%
F Faceable
8%
F Faillable
8%
F Fakeable
8%
F Feedable
8%
F Fightable
8%
F Findable
8%
F Finishable
8%
F Flyable
8%
F Foldable
8%
F Foolable
8%
F Footable
8%
F Formable
8%
F Freeable
8%
F Furnishable
8%
G Grabbable
8%
G Gradable
8%
G Guessable
8%
H Hangable
8%
H Healable
8%
H Huggable
8%
I Immeasurable
8%
I Impassable
8%
I Impersonable
8%
I Importable
8%
I Impregnable
8%
I Impressionable
8%
I Incalculable
8%
I Incapable
8%
I Incompatible
8%
I Inconceivable
8%
I Incurable
8%
I Indefinable
8%
I Indestructible
8%
I Indisputable
8%
I Inevitable
8%
I Inexplainable
8%
I Inflatable
8%
I Informable
8%
I Injurable
8%
I Innumerable
8%
I Inoperable
8%
I Inseparable
8%
I Insurmountable
8%
I Intolerable
8%
I Invaluable
8%
I Invariable
8%
I Invulnerable
8%
J Joinable
8%
J Jokeable
8%
K Keepable
8%
K Kissable
8%
K Knowable
8%
L Lackable
8%
L Leadable
8%
L Liable
8%
L Liftable
8%
L Linkable
8%
L Listable
8%
L Listenable
8%
L Lockable
8%
L Lookable
8%
L Losable
8%
M Makable
8%
M Manageable
8%
M Maskable
8%
M Masterable
8%
M Mendable
8%
M Miserable
8%
M Mistakeable
8%
M Mixable
8%
M Mockable
8%
M Modelable
8%
M Mountable
8%
M Movable
8%
N Nominable
8%
N Notable
8%
O Objectable
8%
O Openable
8%
O Operable
8%
P Packable
8%
P Paintable
8%
P Palatable
8%
P Passable
8%
P Payable
8%
P Perceivable
8%
P Permeable
8%
P Personable
8%
P Pickable
8%
P Plannable
8%
P Plantable
8%
P Pliable
8%
P Potable
8%
P Praisable
8%
P Preservable
8%
P Priceable
8%
P Profitable
8%
P Protectable
8%
Q Quotable
8%
R Reachable
8%
R Receivable
8%
R Recommendable
8%
R Referable
8%
R Reformable
8%
R Rejectable
8%
R Relatable
8%
R Releasable
8%
R Reliable
8%
R Renewable
8%
R Repayable
8%
R Replaceable
8%
R Reportable
8%
R Requestable
8%
R Researchable
8%
R Reservable
8%
R Restrainable
8%
R Retrievable
8%
R Revealable
8%
R Reversible
8%
R Rewardable
8%
S Savable
8%
S Scheduleable
8%
S Scoreable
8%
S Searchable
8%
S Separable
8%
S Serviceable
8%
S Shakeable
8%
S Shockable
8%
S Shrinkable
8%
S Skiable
8%
S Slidable
8%
S Smashable
8%
S Smileable
8%
S Soundable
8%
S Spareable
8%
S Spottable
8%
S Startable
8%
S Steerable
8%
S Step-able
8%
S Streamable
8%
S Strikeable
8%
S Strokeable
8%
S Suable
8%
S Surmountable
8%
S Survivable
8%
S Sustainable
8%
S Swayable
8%
S Swimmable
8%
S Swingable
8%
S Syllable
8%
T Talkable
8%
T Tameable
8%
T Teachable
8%
T Tearable
8%
T Tenable
8%
T Terrible
8%
T Testable
8%
T Throwable
8%
T Tolerable
8%
T Touchable
8%
T Traceable
8%
T Trackable
8%
T Tradable
8%
T Trainable
8%
T Transferable
8%
T Trappable
8%
T Travelable
8%
T Trustable
8%
T Tryable
8%
T Turntable
8%
U Unacceptable
8%
U Unadvisable
8%
U Unaffordable
8%
U Unarguable
8%
U Unbearable
8%
U Unbuyable
8%
U Uncharitable
8%
U Unclosable
8%
U Uncommunicable
8%
U Uncomputable
8%
U Uncontrollable
8%
U Uncorrectable
8%
U Uncurable
8%
U Undefinable
8%
U Undeliverable
8%
U Undesirable
8%
U Undetectable
8%
U Undeterminable
8%
U Undividable
8%
U Undrivable
8%
U Unenjoyable
8%
U Unexaminable
8%
U Unexportable
8%
U Unexpressable
8%
U Unextendable
8%
U Unfindable
8%
U Unfinishable
8%
U Unfoldable
8%
U Unformable
8%
U Ungradable
8%
U Unhealable
8%
U Unlistable
8%
U Unlistenable
8%
U Unlockable
8%
U Unmakeable
8%
U Unmanageable
8%
U Unmeasurable
8%
U Unmendable
8%
U Unmistakeable
8%
U Unmountable
8%
U Unmovable
8%
U Unopenable
8%
U Unpackable
8%
U Unpaintable
8%
U Unpayable
8%
U Unperceivable
8%
U Unpickable
8%
U Unplaceable
8%
U Unportable
8%
U Unprintable
8%
U Unprobable
8%
U Unprofitable
8%
U Unquestionable
8%
U Unquotable
8%
U Unreachable
8%
U Unrecordable
8%
U Unreformable
8%
U Unrelatable
8%
U Unreleasable
8%
U Unrenewable
8%
U Unrequestable
8%
U Unrestrainable
8%
U Unretrievable
8%
U Unrevealable
8%
U Unrewardable
8%
U Unridable
8%
U Unsearchable
8%
U Unshakable
8%
U Unshrinkable
8%
U Unsustainable
8%
U Unswayable
8%
U Untameable
8%
U Unteachable
8%
U Untearable
8%
U Untenable
8%
U Untouchable
8%
U Untraceable
8%
U Untrackable
8%
U Untradable
8%
U Untrainable
8%
U Untrustable
8%
U Untryable
8%
U Unvisitable
8%
U Unworkable
8%
U Unwritable
8%
V Valuable
8%
V Variable
8%
V Vendable
8%
V Venerable
8%
V Voiceable
8%
V Votable
8%
V Vulnerable
8%
W Wearable
8%
W Windable
8%
W Wishable
8%
W Workable
8%
Z Zoneable
8%
A Abdicable
0%
A Abhominable
0%
A Abolishable
0%
A Abradable
0%
A Absorbable
0%
A Abstractable
0%
A Abusable
0%
A Accommodable
0%
A Accomplishable
0%
A Accostable
0%
A Accreditable
0%
A Accruable
0%
A Accumulable
0%
A Accusable
0%
A Accustomable
0%
A Acidifiable
0%
A Acquirable
0%
A Activable
0%
A Actualizable
0%
A Addressable
0%
A Adduceable
0%
A Adjustable
0%
A Administrable
0%
A Adorkable
0%
A Adsorbable
0%
A Advanceable
0%
A Advertisable
0%
A Affectable
0%
A Affirmable
0%
A Affixable
0%
A Ageable
0%
A Agglutinable
0%
A Aggregable
0%
A Agitable
0%
A Aimable
0%
A Airable
0%
A Alarmable
0%
A Alienable
0%
A Allegeable
0%
A Allocable
0%
A Allocatable
0%
A Allottable
0%
A Allowable
0%
A Amenable
0%
A Amendable
0%
A Amerciable
0%
A Amicable
0%
A Amortizable
0%
A Amovable
0%
A Analyzable
0%
A Annihilable
0%
A Anticipatable
0%
A Appealable
0%
A Appeasable
0%
A Applaudable
0%
A Appliable
0%
A Applicable
0%
A Apportionable
0%
A Apposable
0%
A Appreciable
0%
A Appropriable
0%
A Approvable
0%
A Arbitrable
0%
A Archivable
0%
A Arousable
0%
A Arrestable
0%
A Articulable
0%
A Ascertainable
0%
A Ascribable
0%
A Aspectable
0%
A Assailable
0%
A Assaultable
0%
A Assayable
0%
A Assessable
0%
A Assessionable
0%
B Backbiteable
0%
B Backstageable
0%
B Bakable
0%
B Beatable
0%
B Bendable
0%
B Bikable
0%
B Billable
0%
B Bindable
0%
B Biocleanable
0%
B Biodegradable
0%
B Bitable
0%
B Blamable
0%
B Bleachable
0%
B Blendable
0%
B Boardable
0%
B Boatable
0%
B Boilable
0%
B Bookable
0%
B Borrowable
0%
B Bouncable
0%
B Bridgeable
0%
B Brightenable
0%
B Browsable
0%
B Buildable
0%
B Burnable
0%
C Callable
0%
C Calumniable
0%
C Cancellable
0%
C Carbonizable
0%
C Cashable
0%
C Castable
0%
C Catalogable
0%
C Categorizable
0%
C Causable
0%
C Certifiable
0%
C Challengeable
0%
C Changeable
0%
C Chartable
0%
C Checkable
0%
C Chewable
0%
C Choppable
0%
C Citable
0%
C Civilizable
0%
C Classifiable
0%
C Clearable
0%
C Coagulable
0%
C Codable
0%
C Cognizable
0%
C Coinheritable
0%
C Combinable
0%
C Commendable
0%
C Compensable
0%
C Compostable
0%
C Condemnable
0%
C Condensable
0%
C Confessable
0%
C Configurable
0%
C Confirmable
0%
C Confiscable
0%
C Conformable
0%
C Conscienceable
0%
C Consignable
0%
C Consolidable
0%
C Consumable
0%
C Contestable
0%
C Contractable
0%
C Conversable
0%
C Convertible
0%
C Convictable
0%
C Copyable
0%
C Copyrightable
0%
C Corrodable
0%
C Corruptible
0%
C Coverable
0%
C Creatable
0%
C Creditable
0%
C Crushable
0%
C Cultivable
0%
C Culturable
0%
C Customizable
0%
C Cuttable
0%
D Damnable
0%
D Datable
0%
D Decipherable
0%
D Declinable
0%
D Decomposable
0%
D Defeatable
0%
D Defendable
0%
D Deformable
0%
D Degradable
0%
D Delayable
0%
D Delectable
0%
D Demandable
0%
D Demonstrable
0%
D Denominable
0%
D Dependable
0%
D Deployable
0%
D Depreciable
0%
D Derivable
0%
D Destructable
0%
D Detachable
0%
D Developable
0%
D Diagnosable
0%
D Dialable
0%
D Dictatable
0%
D Differentiable
0%
D Diffusable
0%
D Digitable
0%
D Dilatable
0%
D Diminishable
0%
D Dippable
0%
D Discernable
0%
D Disciplinable
0%
D Discloseable
0%
D Discoverable
0%
D Disreputable
0%
D Dissolvable
0%
D Distributable
0%
D Divisible
0%
D Doctrinable
0%
D Documentable
0%
D Donable
0%
D Double
0%
D Dowable
0%
D Downloadable
0%
D Drainable
0%
D Drawable
0%
D Dreamable
0%
D Dressable
0%
D Dryable
0%
D Dumpable
0%
D Dupable
0%
D Dyeable
0%
E Educable
0%
E Effaceable
0%
E Effectable
0%
E Elevatable
0%
E Elidable
0%
E Eludable
0%
E Emanable
0%
E Embarkable
0%
E Embeddable
0%
E Employable
0%
E Emptyable
0%
E Emulatable
0%
E Enactable
0%
E Enforceable
0%
E Enlargeable
0%
E Enquirable
0%
E Enshrinable
0%
E Entailable
0%
E Entrustable
0%
E Enumerable
0%
E Enviable
0%
E Equable
0%
E Eradictable
0%
E Erectable
0%
E Erodable
0%
E Errable
0%
E Estimable
0%
E Evacuatable
0%
E Evaporable
0%
E Evictable
0%
E Evidencable
0%
E Evocable
0%
E Evolvable
0%
E Exceidtable
0%
E Exceptionalable
0%
E Exchangeable
0%
E Excludable
0%
E Excusable
0%
E Executable
0%
E Exercisable
0%
E Exhaustable
0%
E Exhibitable
0%
E Exorable
0%
E Expiable
0%
E Explorable
0%
E Explosable
0%
E Exposable
0%
E Extinguishable
0%
E Extractable
0%
F Fabricable
0%
F Fadable
0%
F Falsifiable
0%
F Familiarizable
0%
F Fashionable
0%
F Fastenable
0%
F Fatigable
0%
F Favorable
0%
F Feasable
0%
F Feelable
0%
F Feignable
0%
F Fenceable
0%
F Fermentable
0%
F Ferryable
0%
F Fetchable
0%
F Fiberedable
0%
F Fieldable
0%
F Figurable
0%
F Fillable
0%
F Filmable
0%
F Filterable
0%
F Finable
0%
F Financeable
0%
F Fineable
0%
F Fireable
0%
F Fishable
0%
F Fissionable
0%
F Fixable
0%
F Flatterable
0%
F Flavoreable
0%
F Flexible
0%
F Floatable
0%
F Floodable
0%
F Flowable
0%
F Foamable
0%
F Followable
0%
F Forageable
0%
F Forceable
0%
F Foreseeable
0%
F Forfeitable
0%
F Forgeable
0%
F Formidable
0%
F Fragileable
0%
F Frameable
0%
F Freezable
0%
F Friable
0%
F Fridgeable
0%
F Friendable
0%
F Frightenable
0%
F Frustratable
0%
F Fryable
0%
F Fuelable
0%
F Fulfilledable
0%
F Fundable
0%
F Furrowable
0%
G Gainable
0%
G Gambleable
0%
G Gameable
0%
G Garageable
0%
G Gardenable
0%
G Gasifyable
0%
G Gatherable
0%
G Gaugable
0%
G Gearable
0%
G Gelable
0%
G Generalizable
0%
G Generatable
0%
G Germinable
0%
G Gesturable
0%
G Getable
0%
G Giftable
0%
G Givable
0%
G Glassable
0%
G Glazeable
0%
G Gleanable
0%
G Glideable
0%
G Glorifyable
0%
G Glossable
0%
G Glueable
0%
G Gnawable
0%
G Goable
0%
G Goalable
0%
G Governable
0%
G Graduateable
0%
G Graftable
0%
G Grantable
0%
G Graspable
0%
G Grassable
0%
G Gratifiable
0%
G Greaseable
0%
G Greetable
0%
G Greyable
0%
G Grindable
0%
G Gripable
0%
G Groomable
0%
G Groundable
0%
G Groupable
0%
G Guaranteeable
0%
G Guardable
0%
G Guidable
0%
G Guillotinable
0%
G Gulpable
0%
H Habitable
0%
H Hackable
0%
H Hailable
0%
H Haltable
0%
H Handleable
0%
H Harassable
0%
H Hardable
0%
H Harmable
0%
H Harvestable
0%
H Hatchable
0%
H Haulable
0%
H Hazardable
0%
H Headable
0%
H Heatable
0%
H Hedgeable
0%
H Helpable
0%
H Heritable
0%
H Hesitatable
0%
H Hidable
0%
H Hireable
0%
H Hit-able
0%
H Hoardable
0%
H Holdable
0%
H Hookable
0%
H Hopable
0%
H Hospitable
0%
H Hostable
0%
H Houseable
0%
H Huntable
0%
H Hurtable
0%
I Identifiable
0%
I Ignitable
0%
I Ill-sortedable
0%
I Illuminable
0%
I Imaginable
0%
I Imitable
0%
I Immediateable
0%
I Immutable
0%
I Impalpable
0%
I Impartable
0%
I Impeccable
0%
I Impenetrable
0%
I Imperishable
0%
I Impermeable
0%
I Implacable
0%
I Implantable
0%
I Implementable
0%
I Impliable
0%
I Implorable
0%
I Impoundable
0%
I Impracticable
0%
I Imprintable
0%
I Imprisonable
0%
I Improvable
0%
I Imputable
0%
I Inaccessible
0%
I Inadmissible
0%
I Inalienable
0%
I Inalterable
0%
I Inapplicable
0%
I Inappreciable
0%
I Inapproachable
0%
I Inarguable
0%
I Inchargeable
0%
I Incinerable
0%
I Inclassifiable
0%
I Includable
0%
I Incoherentable
0%
I Incombustible
0%
I Incommensurable
0%
I Incommunicable
0%
I Incompressible
0%
I Incondensable
0%
I Incontestable
0%
I Incontrollable
0%
I Inconvertible
0%
I Incorrigible
0%
I Incorruptible
0%
I Indebatable
0%
I Indecipherable
0%
I Indelible
0%
I Indemnifiable
0%
I Indemonstrable
0%
I Indeterminable
0%
I Indexable
0%
I Indicatable
0%
I Indictable
0%
I Indisciplinable
0%
I Indispensable
0%
I Indissoluble
0%
I Individable
0%
I Indomitable
0%
I Indubitable
0%
I Inducable
0%
I Ineffable
0%
I Ineluctable
0%
I Inenarrable
0%
I Inequable
0%
I Inexcitable
0%
I Inexcusable
0%
I Inexhaustible
0%
I Inexorable
0%
I Inexplicable
0%
I Inexpressible
0%
I Inexpugnable
0%
I Inextinguishable
0%
I Inextricable
0%
I Infallible
0%
I Inflectionable
0%
I Inflexible
0%
I Infrangible
0%
I Infusible
0%
I Inhabitable
0%
I Inheritable
0%
I Inhospitable
0%
I Inimitable
0%
I Initializable
0%
I Injectable
0%
I Innavigable
0%
I Inobservable
0%
I Inoxidable
0%
I Inquenchable
0%
I Inquisitable
0%
I Insoluble
0%
I Insuperable
0%
I Insupportable
0%
I Intangible
0%
I Integrable
0%
I Intellectualizable
0%
I Intelligible
0%
I Interchangeable
0%
I Interpretable
0%
I Interrogatable
0%
I Intractable
0%
I Intranslatable
0%
I Intransmutable
0%
I Intreatable
0%
I Invendible
0%
I Inviable
0%
I Inviolable
0%
I Invisible
0%
J Jailable
0%
J Jammable
0%
J Judgeable
0%
J Justifiable
0%
K Keyable
0%
K Killable
0%
K Kneadable
0%
K Knightable
0%
L Labelable
0%
L Ladleable
0%
L Landable
0%
L Lastable
0%
L Laudable
0%
L Launchable
0%
L Leakable
0%
L Learnable
0%
L Leaseable
0%
L Leaveable
0%
L Legible
0%
L Lendable
0%
L Lengthenable
0%
L Levelable
0%
L Libelable
0%
L Liberalizable
0%
L Licenseable
0%
L Limitable
0%
L Liquefiable
0%
L Livable
0%
L Loadable
0%
L Loanable
0%
L Locatable
0%
L Lodgeable
0%
L Logable
0%
L Lowerable
0%
L Lubricatable
0%
L Luckable
0%
L Lumpable
0%
L Lunchable
0%
M Machineable
0%
M Mailables
0%
M Maintainable
0%
M Malleable
0%
M Maneuverable
0%
M Manipulatable
0%
M Manufacturable
0%
M Mapable
0%
M Marketable
0%
M Marriageable
0%
M Mashable
0%
M Matchable
0%
M Mateable
0%
M Measureable
0%
M Mediateable
0%
M Meltable
0%
M Mentionable
0%
M Merchantable
0%
M Mergeable
0%
M Meritable
0%
M Mesurable
0%
M Metalable
0%
M Methodizable
0%
M Micronizable
0%
M Militatable
0%
M Millable
0%
M Mimeographable
0%
M Minimizeable
0%
M Mobilizable
0%
M Modernizable
0%
M Modifiable
0%
M Moldable
0%
M Monetizable
0%
M Monitorable
0%
M Multiplyable
0%
M Mutable
0%
N Namable
0%
N Narratable
0%
N Naturalizable
0%
N Navigable
0%
N Nearable
0%
N Neat-able
0%
N Necessitable
0%
N Negotiable
0%
N Net-able
0%
N Neutralizable
0%
N Nibbleable
0%
N Nickable
0%
N Nightable
0%
N Notchable
0%
N Noteable
0%
N Noticeable
0%
N Notifiable
0%
N Nourishable
0%
N Numberable
0%
N Numerable
0%
O Obeyable
0%
O Objectionable
0%
O Obligeable
0%
O Obtainable
0%
O Occultable
0%
O Occupiable
0%
O Offendable
0%
O Offerable
0%
O Offsetable
0%
O Opposable
0%
O Oppressable
0%
O Optable
0%
O Optimizable
0%
O Orderable
0%
O Organizable
0%
O Originalizable
0%
O Outable
0%
O Overcomeable
0%
P Paddleable
0%
P Pageable
0%
P Painable
0%
P Palpable
0%
P Paperable
0%
P Pardonable
0%
P Patentable
0%
P Patronizable
0%
P Peaceable
0%
P Peccable
0%
P Peelable
0%
P Penetrable
0%
P Pensionable
0%
P Perishable
0%
P Persuadable
0%
P Perturbable
0%
P Photocopyable
0%
P Photographable
0%
P Pierceable
0%
P Pleadable
0%
P Pleasurable
0%
P Plottable
0%
P Plowable
0%
P Plugable
0%
P Pocketable
0%
P Pointable
0%
P Polarizable
0%
P Polishable
0%
P Pollutable
0%
P Posable
0%
P Postable
0%
P Predictable
0%
P Presentable
0%
P Pressable
0%
P Preventable
0%
P Processable
0%
P Producible
0%
P Programmable
0%
P Prohibitable
0%
P Projectable
0%
P Promotable
0%
P Pronounceable
0%
P Proofable
0%
P Propagable
0%
P Proportionable
0%
P Prosecutable
0%
P Provable
0%
P Publishable
0%
P Pullable
0%
P Punishable
0%
P Purchasable
0%
P Purgeable
0%
Q Quantifiable
0%
Q Quenchable
0%
Q Quittable
0%
R Rackable
0%
R Raidable
0%
R Rainable
0%
R Raisable
0%
R Rankable
0%
R Rapable
0%
R Ratable
0%
R Rateable
0%
R Realizable
0%
R Reapsable
0%
R Reasonable
0%
R Rebatable
0%
R Rebukable
0%
R Recalable
0%
R Rechargeable
0%
R Reciteable
0%
R Reclaimable
0%
R Recognizable
0%
R Reconcilable
0%
R Recoverable
0%
R Rectifiable
0%
R Recyclable
0%
R Redeemable
0%
R Redouble
0%
R Redressable
0%
R Reduceable
0%
R Refillable
0%
R Reflectable
0%
R Refractable
0%
R Refreshable
0%
R Refundable
0%
R Refusable
0%
R Regainable
0%
R Registerable
0%
R Regrettable
0%
R Regulable
0%
R Reheritable
0%
R Relaxable
0%
R Relievable
0%
R Relocatable
0%
R Relyable
0%
R Remakeable
0%
R Remediable
0%
R Rememberable
0%
R Removable
0%
R Rentable
0%
R Reorganizable
0%
R Repealable
0%
R Repeatable
0%
R Reposable
0%
R Representable
0%
R Repressable
0%
R Reprovable
0%
R Reputationable
0%
R Requirable
0%
R Resalable
0%
R Rescuable
0%
R Resellable
0%
R Resentable
0%
R Resettable
0%
R Reshapeable
0%
R Resignable
0%
R Resolvable
0%
R Respirable
0%
R Responsable
0%
R Restartable
0%
R Restorable
0%
R Resultable
0%
R Resumable
0%
R Retainable
0%
R Retractable
0%
R Reusable
0%
R Revengeable
0%
R Reviewable
0%
R Revivable
0%
R Revocable
0%
R Rhymeable
0%
R Ringable
0%
R Riseable
0%
R Riskable
0%
R Roadable
0%
R Roastable
0%
R Rockable
0%
R Rollable
0%
R Roofable
0%
R Roomable
0%
R Rootable
0%
R Ropeable
0%
R Rotatable
0%
R Rowable
0%
R Rubable
0%
R Ruleable
0%
S Saleable
0%
S Salvageable
0%
S Sanable
0%
S Satisfiable
0%
S Sayable
0%
S Scalable
0%
S Scannable
0%
S Scarceable
0%
S Schoolable
0%
S Scratchable
0%
S Screenable
0%
S Screwable
0%
S Scrubable
0%
S Seasonable
0%
S Sendable
0%
S Sensable
0%
S Settable
0%
S Sewable
0%
S Shapeable
0%
S Shareable
0%
S Sharpenable
0%
S Shaveable
0%
S Shearable
0%
S Sheddable
0%
S Shellable
0%
S Shiftable
0%
S Shippable
0%
S Shootable
0%
S Shopable
0%
S Shortenable
0%
S Showable
0%
S Shunnable
0%
S Shut-able
0%
S Signable
0%
S Sinkable
0%
S Sizable
0%
S Skimmable
0%
S Slashable
0%
S Sliceable
0%
S Slinkable
0%
S Slipable
0%
S Slit-able
0%
S Slowable
0%
S Smokeable
0%
S Smoothable
0%
S Snap-able
0%
S Sniffable
0%
S Soakable
0%
S Sociable
0%
S Softenable
0%
S Soilable
0%
S Solvable
0%
S Sonable
0%
S Sortable
0%
S Sowable
0%
S Spaceable
0%
S Specializable
0%
S Specifyable
0%
S Speedable
0%
S Spendable
0%
S Spillaable
0%
S Spin-able
0%
S Splitable
0%
S Spoilable
0%
S Sportable
0%
S Sprayable
0%
S Spreadable
0%
S Springable
0%
S Stackable
0%
S Stageable
0%
S Stainable
0%
S Stampable
0%
S Standardizable
0%
S Stateable
0%
S Stayable
0%
S Stickable
0%
S Stiffenable
0%
S Stirrable
0%
S Stitchable
0%
S Stockable
0%
S Storeable
0%
S Straightenable
0%
S Strainable
0%
S Stretchable
0%
S Stringable
0%
S Stripable
0%
S Structuralizable
0%
S Studyable
0%
S Subdivideable
0%
S Submersible
0%
S Submittable
0%
S Subsidizable
0%
S Substantializable
0%
S Substitutable
0%
S Subtractable
0%
S Suggestable
0%
S Suitable
0%
S Summarizable
0%
S Superable
0%
S Supportable
0%
S Surpassable
0%
S Susceptible
0%
S Swappable
0%
S Sweepable
0%
S Sweetenable
0%
S Switchable
0%
S Symbolizable
0%
S Sympathizable
0%
S Synchronizable
0%
T Tableable
0%
T Tag-able
0%
T Taintable
0%
T Tamable
0%
T Tangible
0%
T Tankable
0%
T Tap-able
0%
T Targetable
0%
T Taxable
0%
T Tellable
0%
T Tendable
0%
T Terminateable
0%
T Thankable
0%
T Thawable
0%
T Thinnable
0%
T Threadable
0%
T Ticketable
0%
T Tickleable
0%
T Tie-able
0%
T Tightenable
0%
T Tillable
0%
T Tiltable
0%
T Timeable
0%
T Tip-able
0%
T Titleable
0%
T Toastable
0%
T Tolable
0%
T Tollable
0%
T Toughenable
0%
T Towable
0%
T Transformable
0%
T Translatable
0%
T Transmutable
0%
T Transparentable
0%
T Transportable
0%
T Transposable
0%
T Traversable
0%
T Triable
0%
T Triple
0%
T Trollable
0%
T Tunable
0%
T Turnable
0%
T Typable
0%
T Typeable
0%
U Unadaptable
0%
U Unadjustable
0%
U Unalterable
0%
U Unambiguousable
0%
U Unamenable
0%
U Unamiable
0%
U Unanswerable
0%
U Unappealable
0%
U Unappeasable
0%
U Unassailable
0%
U Unavoidable
0%
U Unbridgeable
0%
U Unbuildable
0%
U Unburnable
0%
U Uncallable
0%
U Unchangeable
0%
U Unconceivable
0%
U Uncontestable
0%
U Unconvertible
0%
U Uncopyable
0%
U Undatable
0%
U Undebatable
0%
U Undependable
0%
U Underivable
0%
U Undetachable
0%
U Undigestible
0%
U Undiscoverable
0%
U Undisputable
0%
U Undissolvable
0%
U Undockable
0%
U Undrawable
0%
U Undueable
0%
U Unearnable
0%
U Uneducable
0%
U Unenforceable
0%
U Unenviable
0%
U Unestimable
0%
U Unexchangeable
0%
U Unexcusable
0%
U Unexercisable
0%
U Unexplorable
0%
U Unfashionable
0%
U Unfavorable
0%
U Unfeasible
0%
U Unfeedable
0%
U Unfeelable
0%
U Unfenceable
0%
U Unfillable
0%
U Unfilmable
0%
U Unfireable
0%
U Unfishable
0%
U Unfixable
0%
U Unframeable
0%
U Unfreezable
0%
U Unfundable
0%
U Ungainable
0%
U Ungovernable
0%
U Ungraspable
0%
U Unhabitable
0%
U Unhackable
0%
U Unhandleable
0%
U Unharmable
0%
U Unheatable
0%
U Unhelpable
0%
U Unhirable
0%
U Unholdable
0%
U Unidentifiable
0%
U Unignitable
0%
U Unimaginable
0%
U Unimitable
0%
U Unimpeachable
0%
U Unimportantable
0%
U Uninflatable
0%
U Uninhabitable
0%
U Uninimitable
0%
U Uninjectable
0%
U Uninsurable
0%
U Unintelligentable
0%
U Unintelligible
0%
U Uninterpretable
0%
U Unjustifiable
0%
U Unkeepable
0%
U Unknowable
0%
U Unlearnable
0%
U Unleaseable
0%
U Unlendable
0%
U Unlimitable
0%
U Unlinkable
0%
U Unlivable
0%
U Unloadable
0%
U Unmarketable
0%
U Unmarriageable
0%
U Unmatchable
0%
U Unmentionable
0%
U Unmergeable
0%
U Unmodifiable
0%
U Unmoldable
0%
U Unnameable
0%
U Unnavigable
0%
U Unnegotiable
0%
U Unnoticeable
0%
U Unobtainable
0%
U Unoperable
0%
U Unopposable
0%
U Unorderable
0%
U Unorganizable
0%
U Unpalatable
0%
U Unpardonable
0%
U Unpassable
0%
U Unpatentable
0%
U Unpeaceable
0%
U Unpeelable
0%
U Unperishable
0%
U Unpersuadable
0%
U Unphotographable
0%
U Unplannable
0%
U Unpleasurable
0%
U Unplowable
0%
U Unpredictable
0%
U Unpresentable
0%
U Unpreventable
0%
U Unpronounceable
0%
U Unprotectable
0%
U Unprovable
0%
U Unpublishable
0%
U Unpunishable
0%
U Unpurchasable
0%
U Unquenchable
0%
U Unreasonable
0%
U Unreconcilable
0%
U Unrecoverable
0%
U Unrecyclable
0%
U Unredeemable
0%
U Unreducible
0%
U Unrefusable
0%
U Unrefutable
0%
U Unregisterable
0%
U Unregrettable
0%
U Unregulable
0%
U Unreliable
0%
U Unrelievable
0%
U Unrelocatable
0%
U Unremovable
0%
U Unrentable
0%
U Unrepairable
0%
U Unrepeatable
0%
U Unreplaceable
0%
U Unreportable
0%
U Unrepresentable
0%
U Unresearchable
0%
U Unresolvable
0%
U Unreusable
0%
U Unreversible
0%
U Unreviewable
0%
U Unrhymeable
0%
U Unrollable
0%
U Unsalable
0%
U Unsalvageable
0%
U Unscannable
0%
U Unschoolable
0%
U Unscreenable
0%
U Unseasonable
0%
U Unsendable
0%
U Unseparable
0%
U Unserviceable
0%
U Unsettable
0%
U Unshapeable
0%
U Unshippable
0%
U Unsinkable
0%
U Unsociable
0%
U Unsolvable
0%
U Unsortable
0%
U Unspendable
0%
U Unsuitable
0%
U Unsupportable
0%
U Unsurmountable
0%
U Unsurpassable
0%
U Unswappable
0%
U Untapable
0%
U Untaxable
0%
U Untellable
0%
U Untestable
0%
U Untillable
0%
U Untransferable
0%
U Untransformable
0%
U Untranslatable
0%
U Untransportable
0%
U Untunable
0%
U Unturnable
0%
U Unutterable
0%
U Unvariable
0%
U Unviable
0%
U Unviolable
0%
U Unvulnerable
0%
U Unwashable
0%
U Unwatchable
0%
U Unwearable
0%
U Upgradable
0%
U Uppable
0%
U Uprightable
0%
U Upstable
0%
U Useable
0%
U Utterable
0%
V Vacatable
0%
V Validatable
0%
V Variationalable
0%
V Vaultable
0%
V Ventable
0%
V Verifiable
0%
V Versifiable
0%
V Vesiable
0%
V Viable
0%
V Vicable
0%
V Videoable
0%
V Viewable
0%
V Vindictable
0%
V Violable
0%
V Virtualizable
0%
V Vitalizable
0%
V Vocable
0%
V Voidable
0%
V Volatilizable
0%
V Voluntable
0%
V Voucherable
0%
V Voyageable
0%
W Wadable
0%
W Wadeable
0%
W Wageable
0%
W Wagerable
0%
W Waitable
0%
W Wakeable
0%
W Wallable
0%
W Warpable
0%
W Warrantable
0%
W Washable
0%
W Wasteable
0%
W Watchable
0%
W Waterable
0%
W Waterproofable
0%
W Weatherable
0%
W Weavable
0%
W Weddable
0%
W Weighable
0%
W Weldable
0%
W Wetable
0%
W Wheelable
0%
W Whippable
0%
W Whiteable
0%
W Winable
0%
W Wipeable
0%
W Wirable
0%
W Wiseable
0%
W Withdrawable
0%
W Witnessable
0%
W Worthable
0%
W Wrappable
0%
Y Yankable
0%
Y Yardable
0%
Y Yawnable
0%
Y Yearnable
0%
Y Yellable
0%
Y Yieldable
0%
Y Yokeable
0%
Z Zeroable
0%
No matching quizzes found
Score Distribution
Percent of People with Each Score
Percentile by Number Answered
Your Score History
You have not taken this quiz